Science Quiz

Random Science or Blitz Quiz

Simple Math Minefield (1-100) Quiz Stats

 Plays Quiz Updated Mar 17, 2020

     
Support Sporcle.
Go Orange.
Score 0/100 Timer 06:00
63 Plays Today
% Correct
???
100%
???
99.1%
???
88%
???
86.8%
???
85.5%
???
84.8%
???
80.7%
???
80.3%
???
79%
???
77.8%
???
76.7%
???
74.7%
???
73.2%
???
71.7%
???
71.3%
???
68.5%
???
67.9%
???
66.7%
???
61.8%
???
60.9%
???
60.3%
???
59.9%
???
58.3%
???
57.9%
???
56.5%
???
55.5%
???
54.5%
???
54.2%
???
54%
???
52.8%
???
52.7%
???
52.3%
???
52.1%
???
51.8%
% Correct
???
51.3%
???
50.5%
???
50.3%
???
50.1%
???
49.5%
???
48.9%
???
48.7%
???
48.3%
???
47.4%
???
46%
???
46%
???
45.6%
???
45.5%
???
45.4%
???
43.8%
???
43.6%
???
43.5%
???
43.4%
???
43.1%
???
41.3%
???
41.1%
???
41%
???
39.6%
???
39.2%
???
38.9%
???
38.6%
???
37.6%
???
37.3%
???
37.3%
???
37.2%
???
35.7%
???
35.1%
???
35%
???
33.7%
% Correct
???
33.5%
???
33.4%
???
32%
???
32%
???
31.9%
???
31.2%
???
29.2%
???
28.6%
???
24%
???
23.8%
???
23.7%
???
23.2%
???
22.4%
???
20.6%
???
20%
???
19.9%
???
18.9%
???
17.5%
???
17.2%
???
16.6%
???
16.4%
???
16%
???
15.5%
???
15%
???
14.8%
???
14%
???
13.5%
???
13.1%
???
11.8%
???
11.4%
???
11.2%
???
11.2%

From the Vault

'What If?' Movies

by Kicking222

Movies 5m
What if you only had five minutes to remember the titles of these movies
Remove Ads.
Support Sporcle.
Get the best of Sporcle when you Go Orange. This ad-free experience offers more features, more stats, and more fun while also helping to support Sporcle. Thank you for becoming a member.

Show Comments

Extras

Top Quizzes Today


Score Distribution

Your Account Isn't Verified!

In order to create a playlist on Sporcle, you need to verify the email address you used during registration. Go to your Sporcle Settings to finish the process.

Report this User

Report this user for behavior that violates our Community Guidelines.

Details: